ბათუმის შოთა რუსთაველის სახელმწიფო უნივერსიტეტის ბიბლიოთეკა

New 2000 Plus ინგლისური ენა. 3 კლ. (ბიბ.ჩანაწერი № 51232)

000 -LEADER
fixed length control field 00982nam a2200265Ia 4500
001 - CONTROL NUMBER
control field 18192
003 - CONTROL NUMBER IDENTIFIER
control field GE_BSU
008 - FIXED-LENGTH DATA ELEMENTS--GENERAL INFORMATION
fixed length control field 181216s||||||||xx |||||||||||||| ||und||
020 ## - INTERNATIONAL STANDARD BOOK NUMBER
International Standard Book Number 978994097838
040 ## - CATALOGING SOURCE
Transcribing agency GE_BSU
080 ## - UNIVERSAL DECIMAL CLASSIFICATION NUMBER
Universal Decimal Classification number 811.111(072)
100 ## - MAIN ENTRY--PERSONAL NAME
Personal name ბუკია,ტატიანა., უოტსონი,ბარი.
245 ## - TITLE STATEMENT
Title New 2000 Plus ინგლისური ენა. 3 კლ.
245 ## - TITLE STATEMENT
Remainder of title დაწყებითი კლასებისთვის. მასწავლებლის წიგნი
245 ## - TITLE STATEMENT
Statement of responsibility, etc. მხატვ. სოფა კინწურაშვილი
250 ## - EDITION STATEMENT
Edition statement I-ლი გამოც.
260 ## - PUBLICATION, DISTRIBUTION, ETC.
Place of publication, distribution, etc. თბილისი
260 ## - PUBLICATION, DISTRIBUTION, ETC.
Name of publisher, distributor, etc. ოცდამეერთე
260 ## - PUBLICATION, DISTRIBUTION, ETC.
Date of publication, distribution, etc. 2007
300 ## - PHYSICAL DESCRIPTION
Extent 40გვ. ; 29სმ..
653 ## - INDEX TERM--UNCONTROLLED
Uncontrolled term ინგლისური ენა
653 ## - INDEX TERM--UNCONTROLLED
Uncontrolled term მეთოდური სახელმძღვანელო;
942 ## - ADDED ENTRY ELEMENTS (KOHA)
Koha item type წიგნი
ეგზემპლარები
Withdrawn status Lost status Damaged status Not for loan Date acquired Barcode Date last seen Price effective from Koha item type
        2018-12-17 46379 2018-12-17 2018-12-17 წიგნი